Словарь итальянско-русский; Dizionario italiano-russo

Dades bibliogràfiques
Altres autors: Де-Виво Д. (составитель)
Sumari:Загл. указано на корешке
На обороте тит. л.: "Дозволено цензурою.- Одесса, 5-го Января 1893 года."
Idioma:rus
italià
Publicat: Одесса, Типография А. Шульце, 1894
Matèries:
Format: Llibre
KOHA link:https://koha.lib.tpu.ru/cgi-bin/koha/opac-detail.pl?biblionumber=261736

MARC

LEADER 00000nam0a2200000 4500
001 261736
005 20231101233605.0
035 |a (RuTPU)RU\TPU\book\284717 
090 |a 261736 
100 |a 20140527d1894 km y0rusy50 ca 
101 0 |a rus  |a ita 
102 |a UA 
105 |a y e 001zy 
200 1 |a Словарь итальянско-русский  |a Dizionario italiano-russo   |f сост. Д. Де-Виво 
210 |a Одесса  |c Типография А. Шульце  |d 1894 
215 |a 811, III с. 
300 |a Загл. указано на корешке 
300 |a На обороте тит. л.: "Дозволено цензурою.- Одесса, 5-го Января 1893 года." 
316 |5 63413507: 79//228  |a На тит. л. штамп магазина: "Н. КИММЕЛЬ в РИГЕ Книжный магазин и переплетное заведение". 
320 |a Замеченные опечатки и пропуски: с. I-III. 
606 1 |a Итальянский язык  |x Словари  |2 stltpush  |3 (RuTPU)RU\TPU\subj\13311  |9 39936 
610 1 |a словари 
686 |a Ш147.31-4  |v LBC/SL-A  |2 rubbk 
702 1 |a Де-Виво  |b Д.  |4 220 
801 1 |a RU  |b 63413507  |c 20140527 
801 2 |a RU  |b 63413507  |c 20161107  |g RCR 
942 |c BK